Two species of Canthon Hoffmannsegg (Coleoptera: Scarabaeidae) feed on dead and live invertebrates (Registro nro. 13554)

Detalles MARC
000 -CABECERA
Campo de control 004360000a22001330004500
090 ## - CLASIFICACIÓN LOCAL
Colección AR
Consecutivo 04455
041 0# - IDIOMA
Código de idioma para texto/pista de sonido o título separado
100 1# - ASIENTO PRINCIPAL--NOMBRE PERSONAL
Nombre personal Villalobos, Francisco Javier
245 10 - MENCION DE TITULO
Título Two species of Canthon Hoffmannsegg (Coleoptera: Scarabaeidae) feed on dead and live invertebrates
700 1# - ASIENTO SECUNDARIO - NOMBRE PERSONAL
Nombre personal Díaz, Alfonzo
700 1# - ASIENTO SECUNDARIO - NOMBRE PERSONAL
Nombre personal Favila, Mario E.
773 1# - Item fuente:
Título Coleopterists Bulletin
Descripción física 2
Paginas del Articulo 101-104
Lugar, editorial y fecha de publicación 1998
Información sobre la relación 52
942 ## - ELEMENTOS ADICIONALES (KOHA)
Tipo de ítem Artículo
Existencias
Withdrawn status Lost status Damaged status No para préstamo Colección Ubicación Permanente Ubicación actual Fecha de adquisición Fuente de Valor Datos de publicación Seriada Total Checkouts Número topográfico Inventario / Código de Barras Date last seen Ejemplar Price effective from Forma de adquisición Tipo de material
      No para Préstamo Hemeroteca Bogotá Bogotá 26/09/2007 Ospina, Mónica Fuera de circulación   AR 04455 025298 25/03/2015 1 25/03/2015   Artículo